|
|
|
|
| LEADER |
00000nam0a2200000 4500 |
| 001 |
301326 |
| 005 |
20231102001406.0 |
| 035 |
|
|
|a (RuTPU)RU\TPU\book\326498
|
| 090 |
|
|
|a 301326
|
| 100 |
|
|
|a 20150729d1982 m y0rusy50 ca
|
| 101 |
0 |
|
|a ger
|
| 102 |
|
|
|a DE
|
| 105 |
|
|
|a a j 001zy
|
| 200 |
1 |
|
|a Lehrbuch der analytischen und praparativen anorganischen Chemie. (Mit Ausnahme der quantitativen Analyse)
|f G. Jander, E. Blasius
|
| 210 |
|
|
|a Leipzig
|c Hirzel Verlag
|d 1982
|
| 215 |
|
|
|a 547 s.
|c il.
|
| 320 |
|
|
|a Sachregister: s. 499-534
|
| 606 |
1 |
|
|a Неорганическая химия
|2 stltpush
|3 (RuTPU)RU\TPU\subj\67586
|9 83311
|
| 610 |
1 |
|
|a аналитическая химия
|
| 610 |
1 |
|
|a препаративная химия
|
| 610 |
1 |
|
|a методы
|
| 610 |
1 |
|
|a химические реакции
|
| 610 |
1 |
|
|a химические соединения
|
| 610 |
1 |
|
|a химические вещества
|
| 610 |
1 |
|
|a реагенты
|
| 610 |
1 |
|
|a синтез
|
| 610 |
1 |
|
|a учебные пособия
|
| 610 |
1 |
|
|a немецкий язык
|
| 675 |
|
|
|a 546(075.8)
|v 4
|
| 700 |
|
1 |
|a Jander
|b G.
|g Gerhart
|
| 701 |
|
1 |
|a Blasius
|b E.
|g Ewald
|
| 801 |
|
1 |
|a RU
|b 63413507
|c 20150729
|
| 801 |
|
2 |
|a RU
|b 63413507
|c 20180601
|g RCR
|
| 942 |
|
|
|c BK
|